The town proprietors of the New England Colonies : a study of their development, organization, activities and controversies, 1620-1770.

Bibliographic Details
Main Author: Akagi, Roy Hidemichi, 1892-
Format: Book
Language:English
Published: Gloucester, Mass. : P. Smith, 1963
Subjects:

MARC

Tag First Indicator Second Indicator Subfields
LEADER 00000cam a2200000 4500
001 in00000068701
005 20151008050255.0
008 720128c19631964mau b 00000 eng u
010 |a  64003300  
035 |a (OCoLC)00230315 
035 |9 AAG0242AM 
040 |c WSU  |d TXA  |d UtOrBLW 
049 |a TXAM  |c [451016] 
090 |a HD194  |b .A6 1963 
092 |a 333.32  |b A313t, 1963 
100 1 |a Akagi, Roy Hidemichi,  |d 1892- 
245 1 4 |a The town proprietors of the New England Colonies :  |b a study of their development, organization, activities and controversies, 1620-1770. 
264 1 |a Gloucester, Mass. :  |b P. Smith,  |c 1963 
264 4 |c [©1924] 
336 |a text  |b txt  |2 rdacontent 
337 |a unmediated  |b n  |2 rdamedia 
338 |a volume  |b nc  |2 rdacarrier 
504 |a Bibliography: pages 301-339. 
650 0 |a Land tenure  |z New England. 
651 0 |a New England  |x History  |y Colonial period, ca. 1600-1775. 
999 |a MARS 
999 f f |s 7290ffcf-3434-34c5-90a9-e268bbf0e9cb  |i 05a4d773-a6f7-39ac-9265-ebb9a36a7493  |t 0 
952 f f |p ric  |a Texas A&M University  |b Rellis Campus  |c Joint Library Facility  |d Remote Storage  |t 0  |e HD194 .A6 1963  |h Library of Congress classification  |i unmediated -- volume  |m A14800740110 
998 f f |a HD194 .A6 1963  |t 0  |l Remote Storage